=LDR 00000nam 2200000 4500 =001 NUTBA000000000001802 =005 20140519133538.0 =006 =007 =008 =020 ##$$a 978-979-27-8355 =035 ##$$a 0010-051400000000267 =082 ##$$a 398.3 =100 ##$$a CERVIENA SUSILO =245 ##$$aBAWANG PUTIH DAN BAWANG MERAH =260 ##$$a JAKARTA $b ELEX NEDIA KOMPUTINDO =990 ##$$a 21400464/BPAP-NTB/2014